Проект рекомендаций МКРЗ-2005: примечательные черты и отличия от рекомендаций - 1990; АНРИ; Аппаратура и новости радиационных измерений; № 4
| Parent link: | АНРИ.— , 2000- Аппаратура и новости радиационных измерений: научно-информационный журнал/ Доза ; Государственный комитет по санэпиднадзору РФ ; Метрологическая академия РФ № 4.— 2004.— С. 8-19 |
|---|---|
| Հիմնական հեղինակ: | |
| Լեզու: | ռուսերեն |
| Հրապարակվել է: |
2004
|
| Շարք: | Новости |
| Խորագրեր: | |
| Ձևաչափ: | Գրքի գլուխ |
| KOHA link: | https://koha.lib.tpu.ru/cgi-bin/koha/opac-detail.pl?biblionumber=394961 |
MARC
| LEADER | 00000naa2a2200000 4500 | ||
|---|---|---|---|
| 001 | 394961 | ||
| 005 | 20231101064548.0 | ||
| 035 | |a (RuTPU)RU\TPU\prd\32021 | ||
| 090 | |a 394961 | ||
| 100 | |a 20050125a2004 k y0rusy50 ca | ||
| 101 | 0 | |a rus | |
| 102 | |a RU | ||
| 200 | 1 | |a Проект рекомендаций МКРЗ-2005: примечательные черты и отличия от рекомендаций - 1990 |f Ю. С. Рябухин | |
| 225 | 1 | |a Новости | |
| 320 | |a Библиогр.: 2 назв. | ||
| 461 | 1 | |0 (RuTPU)RU\TPU\prd\1302 |t АНРИ |d 2000- | |
| 461 | |t Аппаратура и новости радиационных измерений |o научно-информационный журнал |f Доза ; Государственный комитет по санэпиднадзору РФ ; Метрологическая академия РФ | ||
| 463 | 1 | |0 (RuTPU)RU\TPU\prd\31178 |t № 4 |v С. 8-19 |d 2004 | |
| 610 | 1 | |a радиационная безопасность | |
| 610 | 1 | |a проекты | |
| 610 | 1 | |a рекомендации | |
| 610 | 1 | |a радиологическая защита | |
| 610 | 1 | |a стандарты | |
| 610 | 1 | |a ограничение облучения | |
| 610 | 1 | |a дозиметрические величины | |
| 610 | 1 | |a здоровье людей | |
| 610 | 1 | |a последствия облучения | |
| 610 | 1 | |a дозовое облучение | |
| 610 | 1 | |a количественные характеристики | |
| 610 | 1 | |a оптимизация защитных мер | |
| 700 | 1 | |a Рябухин |b Ю. С. | |
| 801 | 1 | |a RU |b 63413507 |c 20050125 |g PSBO | |
| 801 | 2 | |a RU |b 63413507 |c 20140222 |g RCR | |
| 942 | |c BK | ||